000 00752nam a2200253Ia 4500
003 OSt
005 20220930201246.0
006 a|||||r|||| 00| 0
007 ta
008 220926b |||||||| |||| 00| 0 pan d
024 _a72374
037 _cDissertations
040 _aCRL
_cCRL
_bpan
041 _2pan
_apan
100 _aAvtar Singh
110 _aUniversity of Delhi. Faculty of Arts. Department of Punjabi
_9519628
245 0 _aTara Singh de kar sangrah suraj da letter box te kahikahan da kar jagat
260 _c1990
300 _a100p.
_ccm.
650 _aPUNJABI LITERATURE
700 _aUniversity of Delhi. Faculty of Arts. Department of Punjabi
_9519631
942 _cDIS
_2CC
999 _c901665
_d901665